Environment / (Record no. 16346)

MARC details
000 -LEADER
fixed length control field 02084cam a2200421 a 4500
001 - CONTROL NUMBER
control field 16893483
003 - CONTROL NUMBER IDENTIFIER
control field BDCtgAUW
005 - DATE AND TIME OF LATEST TRANSACTION
control field 20260324192731.0
008 - FIXED-LENGTH DATA ELEMENTS--GENERAL INFORMATION
fixed length control field 110728s2012 njuab 001 0 eng
010 ## - LIBRARY OF CONGRESS CONTROL NUMBER
LC control number 2011032042
020 ## - INTERNATIONAL STANDARD BOOK NUMBER
International Standard Book Number 9781119834809
035 ## - SYSTEM CONTROL NUMBER
System control number 16893483
040 ## - CATALOGING SOURCE
Original cataloging agency BDCtgAUW
Transcribing agency BDCtgAUW
Modifying agency BDCtgAUW
042 ## - AUTHENTICATION CODE
Authentication code pcc
050 00 - LIBRARY OF CONGRESS CALL NUMBER
Classification number GE70.R38
Item number
100 10 - MAIN ENTRY--PERSONAL NAME
Personal name Hassenzahl, David M.
Relator term author
9 (RLIN) 91274
245 10 - TITLE STATEMENT
Title Environment /
250 ## - EDITION STATEMENT
Edition statement Tenth edition.
260 ## - PUBLICATION, DISTRIBUTION, ETC.
Place of publication, distribution, etc. Hoboken, NJ :
Name of publisher, distributor, etc. Wiley,
Date of publication, distribution, etc. 2017.
300 ## - PHYSICAL DESCRIPTION
Extent xv, 531 p. :
Other physical details col. ill., col. maps ;
Dimensions 28 cm.
336 ## - CONTENT TYPE
Content type term text
Content type code txt
Source rdacontent
337 ## - MEDIA TYPE
Media type term unmediated
Media type code n
Source rdamedia
338 ## - CARRIER TYPE
Carrier type term volume
Carrier type code nc
Source rdacarrier
500 ## - GENERAL NOTE
General note Includes index.
520 ## - SUMMARY, ETC.
Summary, etc. "Raven's 8th edition of Environment offers more detailed content than the Visualizing text for a better understanding and integration of the core environmental systems and to view and analyze the role those systems play. Shorter, but still comprehensive coverage focuses on ethical decision making and key local environmental science issues, requiring readers to think critically about the course material outside of the classroom. Other features include brief text in the comprehensive segment; extensive chapter pedagogy to help reinforce the systems approach; more opportunities to think critically about the how systems intersect and fit together; and new data interpretation questions at the end of each chapter"--
Assigning source Provided by publisher.
650 #0 - SUBJECT ADDED ENTRY--TOPICAL TERM
Topical term or geographic name entry element Environmental education.
650 #0 - SUBJECT ADDED ENTRY--TOPICAL TERM
Topical term or geographic name entry element Environmental policy.
650 #0 - SUBJECT ADDED ENTRY--TOPICAL TERM
Topical term or geographic name entry element Conservation of natural resources.
700 1# - ADDED ENTRY--PERSONAL NAME
Personal name Berg, Linda R.
Relator term author
9 (RLIN) 91275
700 1# - ADDED ENTRY--PERSONAL NAME
Personal name Hager, Mary Catherine
Relator term author
9 (RLIN) 91276
700 1# - ADDED ENTRY--PERSONAL NAME
Personal name Gift, Nancy Y.
Relator term author
9 (RLIN) 91277
700 1# - ADDED ENTRY--PERSONAL NAME
Personal name Raven, Peter H.
Relator term author
887 ## - NON-MARC INFORMATION FIELD
Source of data 8
Content of non-MARC field Papia Akter
888 ## -
-- 8
906 ## - LOCAL DATA ELEMENT F, LDF (RLIN)
a 7
b cbc
c orignew
d 1
e ecip
f 20
g y-gencatlg
942 ## - ADDED ENTRY ELEMENTS (KOHA)
Source of classification or shelving scheme Library of Congress Classification
Koha item type Books
Suppress in OPAC No
Holdings
Withdrawn status Lost status Source of classification or shelving scheme Damaged status Not for loan Collection Home library Current library Shelving location Date acquired Source of acquisition Cost, normal purchase price Total Checkouts Full call number Barcode Date last seen Price effective from Koha item type
    Library of Congress Classification     Non-fiction Asian University for Women Library Asian University for Women Library General Stacks 10/03/2026 Book Finder Int. 10994.00   GE70.R38 033374 11/03/2026 11/03/2026 Books